000 00264nam a2200109Ia 4500
008 220204s9999 xx 000 0 und d
082 _a033
_bLEW
100 _aLEWIS, A W
245 0 _aEconomic survey 1919-1939
260 _aLondon
_bGeorge Allen
_c1978
942 _cBK
999 _c32344
_d32344